| 000 | 00583nam a22001697a 4500 | ||
|---|---|---|---|
| 008 | 230405b |||||||| |||| 00| 0 eng d | ||
| 040 |
_aNational Science Library _cNational Science Library |
||
| 080 |
_a69:519.87(082.2) _bP8.1 |
||
| 245 | _aChallenges and applications of mathematical modeling techniques in building science and technology | ||
| 260 |
_aRoorkee: _bCentral Building Research Institute, _c2008 |
||
| 300 | _a340p. | ||
| 500 | _aVol. 1; 340p. Vol. 2; 341-726p. | ||
| 650 | _aManagement | ||
| 653 | _aScience | ||
| 700 | _aChakraverty, S (Ed.) | ||
| 942 |
_2udc _cPR |
||
| 999 |
_c18301 _d18301 |
||